000 00897cad a22002175a 4500
001 E153022
008 110524e20110516xxka f s000 0 eng d
035 _a(Sirsi) u153022
041 0 _aeng
100 1 _aRehfisch, Alan
245 0 0 _aTown and country planning in Scotland
_h[electronic resource]
260 _aEdinburgh
_bScottish Parliament
_c2011
490 0 _aSPICe Briefing
_v(11/30) 16 May 2011
520 _aOutlines the main features of the current planning system in Scotland, and looks at the organisations involved in it, as well as discussing future plans.
521 _aAdvanced
590 _aKA
651 4 _aScotland
_y1999-
690 _aENVIRONMENTAL AND LAND CONSULTANCY-PLANNING AND DEVELOPMENT
856 4 0 _uhttps://www.scottish.parliament.uk/ResearchBriefingsAndFactsheets/S4/SB_11-30.pdf
_zView the briefing free of charge at www.scottish.parliament.uk
942 _n0
999 _c112333
_d112333